[Event "Titled Tuesday intern op 21st Mar Late"]
[Site "Chess.com INT"]
[Date "2023.03.21"]
[Round "6"]
[White "Cella, Glaucio Dalla Cortt"]
[Black "Lenoir Ibacache, Gabriel Alberto"]
[Result "1-0"]
[WhiteElo "1894"]
[BlackElo "2225"]
[PlyCount "73"]
[EventDate "2023.03.21"]
[EventType "swiss (blitz)"]
[EventRounds "11"]
[EventCountry "USA"]
[SourceTitle "EXT 2024"]
[Source "ChessBase"]
[SourceDate "2023.10.10"]
[SourceVersion "1"]
[SourceVersionDate "2023.10.10"]
[SourceQuality "1"]

1. e4 c5 2. Nf3 d6 3. c3 Nf6 4. Be2 Nbd7 5. 0-0 Nxe4 6. d4 e6 7. dxc5 Nexc5 8. b4 Ne4 9. c4 Be7 10. Bb2 Nef6 11. Na3 a6 12. Nc2 0-0 13. Ne3 b6 14. a3 Bb7 15. Rc1 Rc8 16. Re1 Qc7 17. Nd2 Qb8 18. Qb3 d5 19. cxd5 Nxd5 20. Nxd5 Bxd5 21. Qe3 Bf6 22. Rxc8 Rxc8 23. Bxf6 Nxf6 24. Bxa6 Rc2 25. h3 Qa8 26. Bd3 Ra2 27. Nc4 Bxg2 28. Bb1 Ra1 29. Bxh7+ Nxh7 30. Rxa1 Bd5 31. Nxb6 Qc6 32. Nxd5 Qxd5 33. a4 Ng5 34. Ra3 Qd1+ 35. Kh2 f6 36. a5 Qf1 37. a6 1-0

[Event "Titled Tuesday intern op 21st Mar Late"]
[Site "Chess.com INT"]
[Date "2023.03.21"]
[Round "5"]
[White "Santos, Jose Guilherme B Li"]
[Black "Cella, Glaucio Dalla Cortt"]
[Result "0-1"]
[WhiteElo "2375"]
[BlackElo "1894"]
[PlyCount "58"]
[EventDate "2023.03.21"]
[EventType "swiss (blitz)"]
[EventRounds "11"]
[EventCountry "USA"]
[SourceTitle "EXT 2024"]
[Source "ChessBase"]
[SourceDate "2023.10.10"]
[SourceVersion "1"]
[SourceVersionDate "2023.10.10"]
[SourceQuality "1"]

1. e4 c5 2. Nf3 e6 3. d4 cxd4 4. Nxd4 Nf6 5. Nc3 Bb4 6. Bd3 d5 7. exd5 Nxd5 8. Bd2 Nxc3 9. bxc3 Be7 10. 0-0 0-0 11. Re1 Nc6 12. Nf3 Qc7 13. Qe2 Bf6 14. h4 g6 15. Ng5 h6 16. Ne4 Bg7 17. h5 g5 18. Qf3 f5 19. Nc5 Ne5 20. Qe3 Ng4 21. Qg3 Qxc5 22. Be3 Nxe3 23. fxe3 Qxc3 24. Rab1 Qe5 25. Qf2 f4 26. exf4 Qd4 27. Re3 gxf4 28. Rf3 Qxf2+ 29. Rxf2 Bd4 0-1

[Event "Titled Tuesday intern op 14th Feb Early"]
[Site "Chess.com INT"]
[Date "2023.02.14"]
[Round "9"]
[White "Cella, Glaucio Dalla Cortt"]
[Black "Skliarov, Viktor"]
[Result "0-1"]
[WhiteElo "1894"]
[BlackElo "2384"]
[PlyCount "146"]
[EventDate "2023.02.14"]
[EventType "swiss (blitz)"]
[EventRounds "11"]
[EventCountry "USA"]
[SourceTitle "CBM 212 Extra"]
[Source "ChessBase"]
[SourceDate "2023.03.31"]
[SourceVersion "1"]
[SourceVersionDate "2023.03.31"]
[SourceQuality "1"]

1. e4 c5 2. Nf3 Nc6 3. c3 Nf6 4. e5 Nd5 5. d4 cxd4 6. cxd4 d6 7. Nc3 e6 8. Bd3 dxe5 9. dxe5 Ndb4 10. Bb1 Qxd1+ 11. Nxd1 b6 12. a3 Nd5 13. 0-0 Ba6 14. Re1 h6 15. Ne3 Nf4 16. Be4 Rc8 17. b4 g5 18. Bb2 Nd3 19. Bxd3 Bxd3 20. Rac1 Bg7 21. Nd4 Ne7 22. Rxc8+ Nxc8 23. Rd1 Be4 24. f3 Ba8 25. Rc1 Kd7 26. Nc4 Bd5 27. Nb5 a6 28. Nbd6 Nxd6 29. Nxd6 Bf8 30. Nxf7 Rh7 31. Nd6 Bxd6 32. exd6 Kxd6 33. Bd4 b5 34. Kf2 h5 35. g3 Rf7 36. Rc3 e5 37. Be3 Rxf3+ 38. Ke2 g4 39. Bc5+ Ke6 40. Rxf3 Bxf3+ 41. Ke3 Kd5 42. h3 Be4 43. hxg4 hxg4 44. Bf8 Bf3 45. Bc5 Kc4 46. Bd6 e4 47. Bc5 Kb3 48. Bf8 Kxa3 49. Kd4 Ka4 50. Kc3 a5 51. bxa5 Kxa5 52. Bb4+ Ka4 53. Bc5 Bg2 54. Be3 Bf1 55. Kb2 Bd3 56. Bf4 b4 57. Bd2 Kb5 58. Be3 Kc4 59. Kc1 Be2 60. Kb2 Bf3 61. Bd2 Kd3 62. Bxb4 Ke2 63. Kc3 e3 64. Kd4 Kf2 65. Bd6 e2 66. Bb4 e1Q 67. Bxe1+ Kxe1 68. Ke3 Kf1 69. Kf4 Kg2 70. Ke3 Kxg3 71. Kd2 Kf2 72. Kd3 g3 73. Kd4 g2 0-1

[Event "Titled Tuesday intern op 14th Feb Early"]
[Site "Chess.com INT"]
[Date "2023.02.14"]
[Round "1"]
[White "Levine, David M"]
[Black "Cella, Glaucio Dalla Cortt"]
[Result "0-1"]
[WhiteElo "2040"]
[BlackElo "1894"]
[PlyCount "84"]
[EventDate "2023.02.14"]
[EventType "swiss (blitz)"]
[EventRounds "11"]
[EventCountry "USA"]
[SourceTitle "CBM 212 Extra"]
[Source "ChessBase"]
[SourceDate "2023.03.31"]
[SourceVersion "1"]
[SourceVersionDate "2023.03.31"]
[SourceQuality "1"]

1. d4 Nf6 2. c4 e5 3. dxe5 Ng4 4. Bf4 Nc6 5. Nf3 Bb4+ 6. Nbd2 Qe7 7. e3 Ngxe5 8. Nxe5 Nxe5 9. Be2 d6 10. 0-0 a5 11. Nb3 a4 12. Nd4 a3 13. b3 0-0 14. Qc2 Re8 15. Rad1 Qh4 16. Bg3 Qe7 17. Nf3 Nxf3+ 18. Bxf3 Qf6 19. Be4 h5 20. h3 Ra5 21. Rd5 b6 22. Rxa5 Bxa5 23. Rd1 Bd7 24. Qd3 g6 25. Bf3 Bb4 26. Qd4 Qxd4 27. Rxd4 Bc3 28. Rd3 Bf6 29. Kf1 h4 30. Bh2 Bb2 31. Ke2 Bf5 32. Rd1 Bc2 33. Rd2 Bxb3 34. Bc6 Bxc4+ 35. Kf3 Rb8 36. Bd5 Bc3 37. Rd1 Bxd5+ 38. Rxd5 b5 39. Ke2 b4 40. Kd3 b3 41. Kxc3 bxa2 42. Rd1 Rb1 0-1

[Event "Titled Tuesday intern op 14th Feb Early"]
[Site "Chess.com INT"]
[Date "2023.02.14"]
[Round "10"]
[White "Simonian, Hrair"]
[Black "Cella, Glaucio Dalla Cortt"]
[Result "1-0"]
[WhiteElo "2431"]
[BlackElo "1894"]
[PlyCount "59"]
[EventDate "2023.02.14"]
[EventType "swiss (blitz)"]
[EventRounds "11"]
[EventCountry "USA"]
[SourceTitle "CBM 212 Extra"]
[Source "ChessBase"]
[SourceDate "2023.03.31"]
[SourceVersion "1"]
[SourceVersionDate "2023.03.31"]
[SourceQuality "1"]

1. e4 c5 2. Nc3 e6 3. Nf3 Nc6 4. Bb5 Nd4 5. Nxd4 cxd4 6. Ne2 a6 7. Bd3 d5 8. 0-0 dxe4 9. Bxe4 Nf6 10. Bf3 Bc5 11. d3 0-0 12. Ng3 Nd5 13. Re1 Bd6 14. Qe2 Bd7 15. Bxd5 exd5 16. Qh5 Bxg3 17. hxg3 Be6 18. Qe5 Re8 19. Qxd4 Rc8 20. c3 Bf5 21. Rxe8+ Qxe8 22. Be3 Qb5 23. Qe5 Qxd3 24. Bd4 f6 25. Qxd5+ Kh8 26. Re1 h5 27. Re7 Qb1+ 28. Kh2 Qxb2 29. Qf7 Rg8 30. Bxf6 1-0

[Event "Titled Tuesday intern op 07th Feb Early"]
[Site "Chess.com INT"]
[Date "2023.02.07"]
[Round "11"]
[White "Averjanov, Alexey"]
[Black "Cella, Glaucio Dalla Cortt"]
[Result "0-1"]
[WhiteElo "2399"]
[BlackElo "1894"]
[PlyCount "90"]
[EventDate "2023.02.07"]
[EventType "swiss (blitz)"]
[EventRounds "11"]
[EventCountry "USA"]
[SourceTitle "EXT 2024"]
[Source "ChessBase"]
[SourceDate "2023.10.10"]
[SourceVersion "1"]
[SourceVersionDate "2023.10.10"]
[SourceQuality "1"]

1. d4 Nf6 2. c4 e5 3. dxe5 Ng4 4. Nf3 Bc5 5. e3 Nc6 6. b3 0-0 7. Bb2 Re8 8. Be2 Ncxe5 9. Nxe5 Nxe5 10. Nc3 a5 11. 0-0 Ra6 12. Nd5 Rh6 13. Nf4 d6 14. h3 Qg5 15. Kh2 Ng4+ 16. Bxg4 Bxg4 17. Qd5 Qxd5 18. Nxd5 c6 19. Nf4 g5 20. Nd3 Bb6 21. Rfe1 Bc7 22. Kg1 Bf5 23. Rad1 a4 24. Bc3 Rhe6 25. Kf1 R6e7 26. Bb4 Kg7 27. Rd2 f6 28. Nc1 axb3 29. axb3 c5 30. Bc3 Ra8 31. Red1 Kg6 32. f3 Rxe3 33. Bb2 Rae8 34. Kf2 Kf7 35. Rxd6 Bxd6 36. Rxd6 Bg6 37. Rxf6+ Kg8 38. Rb6 Re1 39. Rxb7 Rd1 40. Ba3 Rd2+ 41. Kg3 Rc2 42. b4 Ra8 43. Nb3 Rxa3 44. Nxc5 Raa2 45. Kg4 Rxg2# 0-1

[Event "Titled Tuesday intern op 07th Feb Early"]
[Site "Chess.com INT"]
[Date "2023.02.07"]
[Round "6"]
[White "Cella, Glaucio Dalla Cortt"]
[Black "Mogirzan, Matei Valeriu"]
[Result "1/2-1/2"]
[WhiteElo "1894"]
[BlackElo "1813"]
[PlyCount "68"]
[EventDate "2023.02.07"]
[EventType "swiss (blitz)"]
[EventRounds "11"]
[EventCountry "USA"]
[SourceTitle "EXT 2024"]
[Source "ChessBase"]
[SourceDate "2023.10.10"]
[SourceVersion "1"]
[SourceVersionDate "2023.10.10"]
[SourceQuality "1"]

1. e4 d6 2. Nf3 Nd7 3. d4 a6 4. Bc4 e6 5. a4 b6 6. 0-0 Bb7 7. Nc3 h6 8. d5 e5 9. b3 g6 10. Nd2 Bg7 11. Bb2 Ne7 12. f4 exf4 13. Rxf4 Ne5 14. Qf1 0-0 15. Ne2 g5 16. Rf2 N7g6 17. Ng3 Bc8 18. Nf5 Bxf5 19. exf5 Nf4 20. Bxa6 Ng4 21. Bxg7 Kxg7 22. Rxf4 gxf4 23. Qxf4 Qg5 24. Qd4+ Ne5 25. Bb5 Rg8 26. Ne4 Qg4 27. Rf1 Kf8 28. g3 Nf3+ 29. Rxf3 Qxf3 30. Nf6 Rg5 31. Nh7+ Kg8 32. Nf6+ Kf8 33. Nd7+ Kg8 34. Nf6+ Kf8 1/2-1/2

[Event "Titled Tuesday intern op 07th Feb Early"]
[Site "Chess.com INT"]
[Date "2023.02.07"]
[Round "2"]
[White "Miszler, Levente"]
[Black "Cella, Glaucio Dalla Cortt"]
[Result "1-0"]
[WhiteElo "2296"]
[BlackElo "1894"]
[PlyCount "143"]
[EventDate "2023.02.07"]
[EventType "swiss (blitz)"]
[EventRounds "11"]
[EventCountry "USA"]
[SourceTitle "EXT 2024"]
[Source "ChessBase"]
[SourceDate "2023.10.10"]
[SourceVersion "1"]
[SourceVersionDate "2023.10.10"]
[SourceQuality "1"]

1. Nf3 c5 2. c4 Nf6 3. g3 e6 4. Bg2 d5 5. cxd5 exd5 6. 0-0 Nc6 7. d4 cxd4 8. Nxd4 Bc5 9. Nb3 Bb6 10. Nc3 Be6 11. Na4 Bc7 12. Nac5 Bc8 13. Bg5 0-0 14. Nd4 h6 15. Be3 Re8 16. Nxc6 bxc6 17. Bd4 Be5 18. e3 Bg4 19. Qd2 Bxd4 20. Qxd4 Rb8 21. Rac1 Bc8 22. Rfd1 h5 23. Qa4 Rxb2 24. Qxa7 h4 25. Nd3 Rb7 26. Qa4 Bg4 27. Re1 hxg3 28. hxg3 Bd7 29. Nc5 Qc7 30. Nxb7 Qxb7 31. Qb3 Qxb3 32. axb3 Kf8 33. Ra1 Rb8 34. Reb1 g5 35. b4 Ke7 36. Ra5 Kd6 37. Ra6 Ne8 38. Ra5 Nc7 39. Bf1 Bf5 40. Rb2 g4 41. Ra7 Be4 42. Bg2 Bg6 43. e4 dxe4 44. Rd2+ Nd5 45. Ra4 f5 46. Rd1 Ke6 47. Rc1 Be8 48. b5 cxb5 49. Ra6+ Rb6 50. Rxb6+ Nxb6 51. Bf1 Kd5 52. Be2 Nc4 53. Kf1 Kd4 54. Ke1 Bc6 55. Bxc4 bxc4 56. Kd2 Ba4 57. Rc3 Bb3 58. Re3 Kc5 59. Kc3 Kd5 60. Re1 Ke5 61. Ra1 f4 62. Ra5+ Kf6 63. gxf4 Kg6 64. Rg5+ Kf6 65. Rxg4 Kf5 66. Rh4 Ba2 67. Kd4 Bb3 68. Ke3 c3 69. Rh5+ Kf6 70. Rc5 c2 71. Kxe4 Ba4 72. Ke3 1-0

[Event "Titled Tuesday intern op 31st Jan Early"]
[Site "Chess.com INT"]
[Date "2023.01.31"]
[Round "5"]
[White "Cella, Glaucio Dalla Cortt"]
[Black "Ajay, Karthikeyan"]
[Result "1-0"]
[WhiteElo "1894"]
[BlackElo "2442"]
[PlyCount "63"]
[EventDate "2023.01.31"]
[EventType "swiss (blitz)"]
[EventRounds "11"]
[EventCountry "USA"]
[SourceTitle "CBM 212 Extra"]
[Source "ChessBase"]
[SourceDate "2023.03.31"]
[SourceVersion "1"]
[SourceVersionDate "2023.03.31"]
[SourceQuality "1"]

1. e4 e5 2. Nf3 Nc6 3. d4 exd4 4. Bc4 Nf6 5. e5 d5 6. Bb5 Ne4 7. Nxd4 Bc5 8. Nxc6 bxc6 9. Bxc6+ Ke7 10. 0-0 Ba6 11. Nc3 Bxf1 12. Kxf1 Nxc3 13. bxc3 Rb8 14. Bg5+ f6 15. exf6+ gxf6 16. Qf3 Rf8 17. Bh6 Bd6 18. Re1+ Be5 19. Rxe5+ fxe5 20. Bg5+ Ke6 21. Qh3+ Kd6 22. Bxd8 Rbxd8 23. Ba4 e4 24. Qxh7 Rf6 25. Qh4 Rdf8 26. Qg3+ Rf4 27. Ke2 Kc5 28. Ke3 R4f7 29. f3 exf3 30. gxf3 Kc4 31. Qg4+ Kc5 32. Qb4# 1-0

[Event "Titled Tuesday intern op 31st Jan Early"]
[Site "Chess.com INT"]
[Date "2023.01.31"]
[Round "8"]
[White "Cella, Glaucio Dalla Cortt"]
[Black "Averjanov, Alexey"]
[Result "1/2-1/2"]
[WhiteElo "1894"]
[BlackElo "2399"]
[PlyCount "53"]
[EventDate "2023.01.31"]
[EventType "swiss (blitz)"]
[EventRounds "11"]
[EventCountry "USA"]
[SourceTitle "CBM 212 Extra"]
[Source "ChessBase"]
[SourceDate "2023.03.31"]
[SourceVersion "1"]
[SourceVersionDate "2023.03.31"]
[SourceQuality "1"]

1. e4 c6 2. Nf3 d5 3. exd5 cxd5 4. d4 Nf6 5. c3 Bg4 6. Qb3 Qc8 7. Ne5 Bh5 8. Bb5+ Nbd7 9. Nxd7 Nxd7 10. Qxd5 Bg6 11. Qxd7+ Qxd7 12. Bxd7+ Kxd7 13. Nd2 e6 14. Nf3 Bd6 15. 0-0 Ke7 16. Re1 b5 17. Ne5 Bxe5 18. Rxe5 Rab8 19. Bf4 Rb7 20. Rae1 Rc8 21. d5 b4 22. dxe6 bxc3 23. exf7+ Kxf7 24. bxc3 Rxc3 25. Bg5 h6 26. Re7+ Rxe7 27. Bxe7 1/2-1/2

[Event "Titled Tuesday intern op 31st Jan Early"]
[Site "Chess.com INT"]
[Date "2023.01.31"]
[Round "3"]
[White "Cella, Glaucio Dalla Cortt"]
[Black "Gurel, Ediz"]
[Result "1-0"]
[WhiteElo "1894"]
[BlackElo "2454"]
[PlyCount "39"]
[EventDate "2023.01.31"]
[EventType "swiss (blitz)"]
[EventRounds "11"]
[EventCountry "USA"]
[SourceTitle "CBM 212 Extra"]
[Source "ChessBase"]
[SourceDate "2023.03.31"]
[SourceVersion "1"]
[SourceVersionDate "2023.03.31"]
[SourceQuality "1"]

1. e4 c5 2. Nf3 e6 3. c3 Nf6 4. e5 Nd5 5. d4 cxd4 6. cxd4 d6 7. Nc3 Nxc3 8. bxc3 Qc7 9. Bb5+ Bd7 10. Qb3 a6 11. Bxd7+ Nxd7 12. exd6 Bxd6 13. c4 0-0 14. 0-0 Rac8 15. c5 Be7 16. Rb1 Rb8 17. g3 e5 18. Nxe5 Nxe5 19. Bf4 Bf6 20. Rfe1 1-0

[Event "Titled Tuesday intern op 31st Jan Late"]
[Site "Chess.com INT"]
[Date "2023.01.31"]
[Round "9"]
[White "Cella, Glaucio Dalla Cortt"]
[Black "Simonovic, Miroslav"]
[Result "1-0"]
[WhiteElo "1894"]
[BlackElo "2115"]
[PlyCount "87"]
[EventDate "2023.01.31"]
[EventType "swiss (blitz)"]
[EventRounds "11"]
[EventCountry "USA"]
[SourceTitle "CBM 212 Extra"]
[Source "ChessBase"]
[SourceDate "2023.03.31"]
[SourceVersion "1"]
[SourceVersionDate "2023.03.31"]
[SourceQuality "1"]

1. e4 c5 2. Nf3 Nc6 3. c3 e5 4. Bc4 g6 5. Qb3 Qe7 6. Na3 a6 7. 0-0 Bg7 8. d4 cxd4 9. cxd4 Nxd4 10. Nxd4 exd4 11. Bf4 d6 12. Bd5 Be5 13. Bd2 Nf6 14. f4 Nxd5 15. fxe5 Ne3 16. exd6 Qe6 17. Qa4+ Bd7 18. Qxd4 0-0 19. Qd3 Nxf1 20. Rxf1 Rfe8 21. Re1 Bb5 22. Nxb5 axb5 23. e5 Rxa2 24. Bg5 Qc4 25. d7 Raa8 26. dxe8Q+ Rxe8 27. Qd2 Qc5+ 28. Kh1 Rxe5 29. Qd8+ Qf8 30. Qxf8+ Kxf8 31. Rxe5 Kg7 32. Rxb5 h6 33. Rxb7 hxg5 34. Rxf7+ Kxf7 35. Kg1 Ke6 36. Kf2 Ke5 37. Kg3 Kd4 38. Kg4 Kc4 39. Kxg5 Kb3 40. Kxg6 Kxb2 41. h4 Kc3 42. h5 Kd4 43. h6 Ke5 44. g4 1-0

[Event "Titled Tuesday intern op 24th Jan Late"]
[Site "Chess.com INT"]
[Date "2023.01.24"]
[Round "7"]
[White "Cella, Glaucio Dalla Cortt"]
[Black "Guerb, Leonid"]
[Result "1-0"]
[WhiteElo "1894"]
[BlackElo "2295"]
[PlyCount "53"]
[EventDate "2023.01.24"]
[EventType "swiss (blitz)"]
[EventRounds "11"]
[EventCountry "USA"]
[SourceTitle "EXT 2024"]
[Source "ChessBase"]
[SourceDate "2023.10.10"]
[SourceVersion "1"]
[SourceVersionDate "2023.10.10"]
[SourceQuality "1"]

1. e4 c5 2. Nf3 g6 3. c3 d5 4. exd5 Qxd5 5. Na3 a6 6. Nc4 Nd7 7. d4 cxd4 8. Qxd4 Qxd4 9. Nxd4 Bg7 10. g3 Ngf6 11. Bg2 0-0 12. 0-0 e5 13. Nb3 Rb8 14. h4 b6 15. Re1 Ne8 16. Bg5 f6 17. Bd5+ Kh8 18. Be3 Bb7 19. Be6 Bc6 20. Rad1 Rb7 21. Nca5 bxa5 22. Nxa5 Rxb2 23. Nxc6 Nb8 24. Nd8 Nc7 25. Nf7+ Kg8 26. Bc4 h5 27. Bc1 1-0

[Event "Titled Tuesday intern op 24th Jan Late"]
[Site "Chess.com INT"]
[Date "2023.01.24"]
[Round "10"]
[White "Cella, Glaucio Dalla Cortt"]
[Black "Winkels, Marcel"]
[Result "1-0"]
[WhiteElo "1894"]
[BlackElo "1957"]
[PlyCount "79"]
[EventDate "2023.01.24"]
[EventType "swiss (blitz)"]
[EventRounds "11"]
[EventCountry "USA"]
[SourceTitle "EXT 2024"]
[Source "ChessBase"]
[SourceDate "2023.10.10"]
[SourceVersion "1"]
[SourceVersionDate "2023.10.10"]
[SourceQuality "1"]

1. e4 c5 2. Nf3 d6 3. c3 Nf6 4. Be2 Bg4 5. Qb3 Qb6 6. d3 Qxb3 7. axb3 Nbd7 8. Nbd2 g6 9. h3 Bxf3 10. Nxf3 Bg7 11. 0-0 0-0 12. Be3 Rfc8 13. Nd2 e6 14. f4 d5 15. g4 Ne8 16. Nf3 Nd6 17. e5 Nb5 18. d4 a6 19. dxc5 Rab8 20. b4 f6 21. Nd4 Re8 22. Nxb5 axb5 23. Bxb5 Red8 24. Bxd7 Rxd7 25. Bd4 f5 26. gxf5 gxf5 27. Ra7 Bh6 28. Kh2 Kh8 29. b5 Rg7 30. b4 Rbg8 31. Rf3 Rg2+ 32. Kh1 Rb2 33. Rxb7 Rgg2 34. c6 Rh2+ 35. Kg1 Rhg2+ 36. Kf1 Rh2 37. c7 Rh1+ 38. Bg1 Rb1+ 39. Ke2 Rhxg1 40. c8Q+ 1-0

[Event "Titled Tuesday intern op 17th Jan Early"]
[Site "Chess.com INT"]
[Date "2023.01.17"]
[Round "1"]
[White "Cella, Glaucio Dalla Cortt"]
[Black "Sarana, Alexey"]
[Result "0-1"]
[WhiteElo "1894"]
[BlackElo "2668"]
[PlyCount "96"]
[EventDate "2023.01.17"]
[EventType "swiss (blitz)"]
[EventRounds "11"]
[EventCountry "USA"]
[SourceTitle "CBM 212 Extra"]
[Source "ChessBase"]
[SourceDate "2023.03.31"]
[SourceVersion "1"]
[SourceVersionDate "2023.03.31"]
[SourceQuality "1"]

1. e4 e5 2. Nf3 Nc6 3. d4 exd4 4. Bc4 Nf6 5. e5 d5 6. Bb5 Nd7 7. 0-0 Be7 8. Bxc6 bxc6 9. Nxd4 Nb8 10. f4 c5 11. Nf3 d4 12. c3 d3 13. c4 Bf5 14. Nc3 Nc6 15. Be3 Nb4 16. Qa4+ c6 17. a3 Nc2 18. Rae1 Qd7 19. Bd2 Nxe1 20. Rxe1 0-0 21. e6 fxe6 22. Ne5 Qb7 23. Qxc6 Qxc6 24. Nxc6 Bf6 25. h3 h5 26. Kf2 Rfc8 27. Ne5 Rab8 28. Nd1 Rb3 29. Nd7 Bd4+ 30. Be3 d2 31. Re2 Rxe3 32. Rxe3 Bc2 33. Ke2 Bxd1+ 34. Kxd2 Ba4 35. Rxe6 Bxd7 36. Rd6 Rd8 37. b4 Kf7 38. bxc5 Bxc5 39. Rd5 Be7 40. Kd3 Bc6 41. Rxd8 Bxd8 42. Kd4 Bxg2 43. Kc5 Bxh3 44. a4 Bg2 45. Kb5 h4 46. c5 h3 47. Ka6 h2 48. Kxa7 h1Q 0-1

[Event "Titled Tuesday intern op 03rd Jan Early"]
[Site "Chess.com INT"]
[Date "2023.01.03"]
[Round "3"]
[White "Cella, Glaucio Dalla Cortt"]
[Black "Bortnyk, Mykola"]
[Result "0-1"]
[WhiteElo "1894"]
[BlackElo "2442"]
[PlyCount "78"]
[EventDate "2023.01.03"]
[EventType "swiss (blitz)"]
[EventRounds "11"]
[EventCountry "USA"]
[SourceTitle "EXT 2024"]
[Source "ChessBase"]
[SourceDate "2023.10.10"]
[SourceVersion "1"]
[SourceVersionDate "2023.10.10"]
[SourceQuality "1"]

1. e4 Nf6 2. Nc3 d5 3. exd5 Nxd5 4. Bc4 Nb6 5. Bb3 c5 6. d3 Nc6 7. Nge2 Bg4 8. f3 Bh5 9. Be3 e6 10. 0-0 Be7 11. Ne4 Nd7 12. Nf4 Bg6 13. Nxg6 hxg6 14. h3 Qc7 15. c3 0-0-0 16. Ba4 Nde5 17. Qe2 Nxd3 18. Rad1 c4 19. b3 f5 20. Bxc6 Qxc6 21. Nd2 cxb3 22. axb3 Qxc3 23. Bxa7 Bc5+ 24. Bxc5 Qxc5+ 25. Kh2 Nf4 26. Rc1 Nxe2 27. Rxc5+ Kb8 28. Nc4 Nd4 29. b4 g5 30. Ra1 Nb3 31. Ra3 Nxc5 32. bxc5 Kc7 33. Nb6 Kc6 34. Rc3 g4 35. fxg4 fxg4 36. Kg3 gxh3 37. gxh3 Rh5 38. Kg4 Rxc5 39. Nc4 Rd4+ 0-1

[Event "Titled Tuesday intern op 03rd Jan Early"]
[Site "Chess.com INT"]
[Date "2023.01.03"]
[Round "8"]
[White "Cella, Glaucio Dalla Cortt"]
[Black "Nadanian, Ashot S"]
[Result "0-1"]
[WhiteElo "1894"]
[BlackElo "2279"]
[PlyCount "34"]
[EventDate "2023.01.03"]
[EventType "swiss (blitz)"]
[EventRounds "11"]
[EventCountry "USA"]
[SourceTitle "EXT 2024"]
[Source "ChessBase"]
[SourceDate "2023.10.10"]
[SourceVersion "1"]
[SourceVersionDate "2023.10.10"]
[SourceQuality "1"]

1. e4 d5 2. exd5 Qxd5 3. Nc3 Qa5 4. d4 Nf6 5. Bd2 c6 6. Nf3 Bg4 7. Bc4 e6 8. Nd5 Qd8 9. Ne3 Bh5 10. c3 Nbd7 11. a4 a5 12. h3 Bd6 13. 0-0 Ne4 14. Bd3 Nxd2 15. Qxd2 Bxf3 16. gxf3 Qg5+ 17. Kh1 Qf4 0-1

[Event "Titled Tuesday intern op 03rd Jan Early"]
[Site "Chess.com INT"]
[Date "2023.01.03"]
[Round "4"]
[White "Gutkin, Ilya"]
[Black "Cella, Glaucio Dalla Cortt"]
[Result "0-1"]
[WhiteElo "2245"]
[BlackElo "1894"]
[PlyCount "56"]
[EventDate "2023.01.03"]
[EventType "swiss (blitz)"]
[EventRounds "11"]
[EventCountry "USA"]
[SourceTitle "EXT 2024"]
[Source "ChessBase"]
[SourceDate "2023.10.10"]
[SourceVersion "1"]
[SourceVersionDate "2023.10.10"]
[SourceQuality "1"]

1. Nf3 c5 2. b3 Nc6 3. Bb2 e6 4. c4 Nf6 5. g3 d5 6. cxd5 exd5 7. d4 cxd4 8. Nxd4 Bb4+ 9. Bc3 Qb6 10. Nxc6 bxc6 11. Bg2 0-0 12. 0-0 Bxc3 13. Nxc3 Bf5 14. Na4 Qc7 15. Rc1 Rad8 16. Qd4 Rfe8 17. e3 Re6 18. Rfd1 a5 19. Qf4 Qxf4 20. gxf4 Nd7 21. Rd4 Rg6 22. Kf1 Rb8 23. Nc5 Rb4 24. Rd2 Rd6 25. e4 Nxc5 26. e5 Nd3 27. exd6 Nxc1 28. Rc2 Bxc2 0-1

[Event "Titled Tuesday intern op 03rd Jan Early"]
[Site "Chess.com INT"]
[Date "2023.01.03"]
[Round "7"]
[White "Harsha, Bharathakoti"]
[Black "Cella, Glaucio Dalla Cortt"]
[Result "0-1"]
[WhiteElo "2599"]
[BlackElo "1894"]
[PlyCount "48"]
[EventDate "2023.01.03"]
[EventType "swiss (blitz)"]
[EventRounds "11"]
[EventCountry "USA"]
[SourceTitle "EXT 2024"]
[Source "ChessBase"]
[SourceDate "2023.10.10"]
[SourceVersion "1"]
[SourceVersionDate "2023.10.10"]
[SourceQuality "1"]

1. b3 d5 2. Bb2 c5 3. e3 Nc6 4. Nf3 f6 5. Bb5 e5 6. 0-0 Qc7 7. c4 e4 8. Ne1 Be6 9. cxd5 Bxd5 10. Nc3 0-0-0 11. Qg4+ Qd7 12. Qxd7+ Rxd7 13. Nxd5 Rxd5 14. Bxc6 bxc6 15. Bc3 Bd6 16. Nc2 Ne7 17. Na3 Bc7 18. Nc4 Rh5 19. h3 Nd5 20. Rac1 Nxc3 21. Rxc3 g5 22. f3 exf3 23. Rxf3 Rg8 24. Rf4 gxf4 0-1

[Event "Titled Tuesday intern op 08th Nov Early"]
[Site "Chess.com INT"]
[Date "2022.11.08"]
[Round "3"]
[White "Cella, Glaucio Dalla Cortt"]
[Black "Ciuffoletti, Paolo"]
[Result "0-1"]
[WhiteElo "1894"]
[BlackElo "2106"]
[PlyCount "66"]
[EventDate "2022.11.08"]
[EventType "swiss (blitz)"]
[EventRounds "11"]
[EventCountry "USA"]
[SourceTitle "EXT 2024"]
[Source "ChessBase"]
[SourceDate "2023.10.10"]
[SourceVersion "1"]
[SourceVersionDate "2023.10.10"]
[SourceQuality "1"]

1. e4 c5 2. Nf3 Nc6 3. c3 d5 4. exd5 Qxd5 5. Na3 Nf6 6. d4 cxd4 7. Nb5 Qd8 8. Bf4 Nd5 9. Bg3 a6 10. Nbxd4 Bd7 11. Bd3 g6 12. 0-0 Bg7 13. Be4 Nf6 14. Bxc6 bxc6 15. Ne5 0-0 16. Ndxc6 Qe8 17. Nxd7 Nxd7 18. Re1 e6 19. Bd6 Nf6 20. Bxf8 Bxf8 21. Ne5 Rd8 22. Qe2 Bd6 23. Rad1 Nd5 24. Qxa6 Nc7 25. Qe2 Qa4 26. b3 Qf4 27. g3 Qf5 28. f4 Nd5 29. Nc4 Bc5+ 30. Kg2 Ra8 31. Qd3 Rxa2+ 32. Kf3 Qh5+ 33. Ke4 Nf6# 0-1

[Event "Titled Tuesday intern op 08th Nov Early"]
[Site "Chess.com INT"]
[Date "2022.11.08"]
[Round "10"]
[White "Dehtiarov, Roman"]
[Black "Cella, Glaucio Dalla Cortt"]
[Result "1-0"]
[WhiteElo "2300"]
[BlackElo "1894"]
[PlyCount "103"]
[EventDate "2022.11.08"]
[EventType "swiss (blitz)"]
[EventRounds "11"]
[EventCountry "USA"]
[SourceTitle "EXT 2024"]
[Source "ChessBase"]
[SourceDate "2023.10.10"]
[SourceVersion "1"]
[SourceVersionDate "2023.10.10"]
[SourceQuality "1"]

1. e4 c5 2. Nc3 e6 3. f4 Nc6 4. Nf3 d5 5. Bb5 d4 6. Bxc6+ bxc6 7. Nb1 Ba6 8. d3 c4 9. 0-0 cxd3 10. cxd3 Qb6 11. b3 c5 12. Na3 Ne7 13. Ne5 Nc6 14. Nac4 Qc7 15. Nxc6 Qxc6 16. Bd2 Bxc4 17. bxc4 Bd6 18. Rb1 0-0 19. Qb3 Rab8 20. Qa3 Rxb1 21. Rxb1 Rb8 22. Rxb8+ Bxb8 23. Qa5 Qb6 24. Qa4 Qb1+ 25. Kf2 Bd6 26. Qb3 Qxb3 27. axb3 f6 28. Kf3 Kf7 29. g4 g6 30. h4 f5 31. g5 Bc7 32. Ke2 Ke7 33. Kd1 Kd6 34. Kc2 Kc6 35. Kb2 Kb6 36. Ka3 Ka6 37. Ka4 Bb6 38. e5 Kb7 39. b4 Kc6 40. Be1 Kb7 41. bxc5 Bxc5 42. Kb5 Bb6 43. c5 a6+ 44. Kc4 Ba7 45. Bf2 Kc6 46. Bxd4 a5 47. Be3 a4 48. d4 a3 49. Kb3 Kd5 50. Kxa3 Ke4 51. c6 Bb6 52. d5 1-0